| 000 | 00610nam a22002057a 4500 | ||
|---|---|---|---|
| 999 |
_c8002 _d8002 |
||
| 003 | OSt | ||
| 005 | 20220824105401.0 | ||
| 008 | 220824b ||||| |||| 00| 0 eng d | ||
| 020 | _a9781305076815 | ||
| 040 | _cddc | ||
| 082 | _a332.02 RYA 2016 | ||
| 100 |
_aRyan, Joan S; Ryan, Christie _916246 |
||
| 245 | _a Managing your personal finances | ||
| 250 | _a7thed. | ||
| 260 |
_aMason, Ohio : _b Thomson/South-Western Pub. Co., _c c2006 |
||
| 300 |
_axiii, 748 p. : _b ill. ; _c27 cm |
||
| 504 | _aIncludes index | ||
| 650 |
_aFinance, Personal -- Study and teaching (Secondary) _916247 |
||
| 942 |
_2ddc _cBOOK |
||